00494cam a2200169 a 450000100100000000500170001000800410002704000250006808200160009310000170010924500800012626000380020630000280024449000180027270000160029083000180030600000142420200929145556.0841031s1969 xxua rb 000 0beng  aDO-SdBNPbspacBNPHU axxxxbB496f1 aBerger, John10aA fortunate man :bthe story of a country doctor /cJohn Berger, Jean Mohr. aNew York :bPenguin Books,c1969. a157 p. :bil. ;c22 cm.1 aPenguinv29311 aMohr, Jean. 0aPenguinn2931